[Event "POR-chT 1st League 2017"]
[Site "Leiria"]
[Date "2017.07.19"]
[Round "4"]
[White "Silva, Fernando"]
[Black "Petkov, Vladimir"]
[Result "0-1"]
[WhiteElo "2249"]
[BlackElo "2489"]
[Annotator "TA"]
[PlyCount "106"]
[EventDate "2017.??.??"]
[EventType "team-tourn"]
[EventCountry "POR"]
[SourceTitle "playchess.com"]
[Source "ChessBase"]
[SourceQuality "1"]

{[%evp 20,106,66,0,2,0,0,0,21,20,19,23,19,0,0,0,0,-12,-18,-18,4,-1,35,46,41,7,9,5,9,8,62,25,35,0,25,33,39,39,169,25,25,20,129,11,15,0,0,0,0,0,0,0,0,0,0,0,0,0,0,0,0,0,0,0,8,5,5,4,11,12,11,12,19,13,12,0,8,-8,-7,-8,-8,-8,-8,-8,-8,-8,-8,-5903,-5727]} 1. d4 Nf6 2. Nf3 e6 3. c4 Nc6 4. g3 Bb4+ 5. Bd2 Qe7 6. Nc3 O-O 7. Bg2 d6 8. O-O Bxc3 {E11: Bogo-Indian} (8... a5 9. Rc1 Bxc3 10. Bxc3 e5 11. d5 Nb8 12. c5 Nbd7 13. cxd6 cxd6 14. Nd2 b5 15. b3 Nb6 16. e4 b4 17. Bb2 Ba6 18. Re1 {½-½ (32) Riazantsev,A (2671)-Bologan,V (2640) Doha 2016}) 9. Bxc3 e5 10. d5 Nb8 11. c5 {LiveBook: 4 Games} (11. Ne1 $14) 11... Ne4 $11 12. cxd6 cxd6 13. Be1 $146 ({Find the theoretical novelty and annotate with similar games:} 13. Rc1 a5 14. Qc2 f5 15. Nd2 Nc5 16. Nc4 {½-½ (56) Ravi,T (2380)-Chitlange,S (2090) Bangkok 2017}) 13... a5 (13... f5 {is more complex.} 14. Nd2 Nf6 15. Nc4 Na6 16. a4 Bd7) 14. Nd2 Nxd2 15. Bxd2 Nd7 16. a3 a4 17. Bb4 b6 18. b3 axb3 19. Qxb3 Ba6 (19... Nc5 $5 {[%cal Rc5b3]} 20. Qc2 Bd7 $11) 20. Qe3 Nc5 21. a4 $1 f5 22. f4 {Black must now prevent fxe5.} (22. a5 $5 {[%cal Ra5b6]}) 22... e4 23. a5 bxa5 24. Rxa5 {[%cal Rb4c5]} Rfd8 (24... Nb7 $11 25. Raa1 Bc4) 25. Rfa1 {[%cal Rb4c5]} Bb7 $1 26. Ra7 Qf6 27. Rxa8 Bxa8 28. Ra7 Nd7 (28... Qb2 $14 29. Qc3 (29. Bxc5 dxc5 30. Qxc5 Bxd5 $14) 29... Qxc3 30. Bxc3 g6) 29. Qa3 ({White should play} 29. Bf1 $18) 29... Bxd5 30. e3 Qe6 {[#]} (30... Be6 $11) 31. Bxd6 (31. Qa5 $1 $16 {[%cal Ra5d8]} Rc8 {[#]} 32. Rxd7 $1 {[%mdl 512]} Qxd7 33. Qxd5+ Qf7 34. Qxd6) 31... Rc8 32. Bf1 {Threatens to win with Bb5.} Bc4 33. Bxc4 Rxc4 34. Qa2 Rc1+ 35. Kf2 Qxa2+ 36. Rxa2 {[%mdl 4096] Endgame KRB-KRN} Kf7 37. h3 Rh1 38. Kg2 Rd1 39. Bb4 Rd3 40. Kf2 Rb3 41. Ba3 Nb6 42. Bb2 Nc4 43. Bd4 {Black should prevent Ra7+.} Ra3 44. Rc2 Ra4 45. g4 g6 46. Kg3 Ke6 47. Rc3 (47. Kh4 $5 {[%cal Rh4g5]}) 47... Kd5 48. Rb3 Nd2 49. Rb5+ Kc4 50. Rc5+ Kd3 {And now ...Nf1+ would win.} 51. gxf5 gxf5 52. Rxf5 {Threatening Rd5.} Nf1+ 53. Kg4 $2 {[%mdl 8192]} (53. Kf2 $11 Nxe3 54. Bxe3 Ra2+ 55. Kg3 Kxe3 56. Rb5) 53... Rxd4 {Precision: White = 41%, Black = 60%.} 0-1

[Event "POR-chT 1st League 2017"]
[Site "Leiria"]
[Date "2017.07.19"]
[Round "4"]
[White "Andrade, Jose M Vieira"]
[Black "Diogo, Vasco"]
[Result "0-1"]
[WhiteElo "2223"]
[BlackElo "2213"]
[Annotator "NA"]
[PlyCount "108"]
[EventDate "2017.??.??"]
[EventType "team-tourn"]
[EventCountry "POR"]
[SourceTitle "playchess.com"]
[Source "ChessBase"]
[SourceQuality "1"]
[TimeControl "5400+30"]

1. e4 {[%emt 0:00:00]} c5 {[%emt 0:00:20]} 2. d4 {[%emt 0:00:00]} cxd4 {[%emt 0:00:19]} 3. c3 {[%emt 0:00:00]} d3 {[%emt 0:01:13]} 4. Bxd3 {[%emt 0:00:00]} Nc6 $14 {[%emt 0:00:05] LiveBook: 115 Games} 5. c4 {[%emt 0:00:36]} g6 {[%emt 0:00:09]} 6. Nf3 {[%emt 0:00:04]} Bg7 {[%emt 0:00:09]} 7. O-O {[%emt 0:01:02]} Nf6 {[%emt 0:01:21]} 8. Nc3 {[%emt 0:02:01]} O-O {[%emt 0:00:08]} 9. h3 {[%emt 0:00:54]} d6 {[%emt 0:05:07]} 10. Be3 {[%emt 0:00:45]} Nd7 {[%emt 0:00:36]} 11. Rc1 {[%emt 0:00:32]} Nc5 {[%emt 0:04:35]} 12. Bb1 {[%emt 0:00:06]} b6 {[%emt 0:02:29]} 13. Qe2 {[%emt 0:03:59]} Bb7 {[%emt 0:02:43]} 14. Rfd1 {[%emt 0:01:03]} Rc8 {[%emt 0:00:51]} 15. Nd5 {[%emt 0:09:42]} e6 {[%emt 0:04:09]} 16. Nc3 {[%emt 0:02:26]} Qe7 {[%emt 0:01:23]} 17. Bg5 {[%emt 0:20:26]} f6 {[%emt 0:00:54]} 18. Bf4 {[%emt 0:00:21]} Rcd8 {[%emt 0:06:27]} 19. Nb5 {[%emt 0:06:18]} e5 {[%emt 0:04:43]} 20. Be3 {[%emt 0:00:11]} f5 {[%emt 0:04:54]} 21. Bg5 {[%emt 0:02:25]} Bf6 {[%emt 0:01:10]} 22. Bh6 {[%emt 0:00:45]} Bg7 {[%emt 0:03:27]} 23. Bg5 {[%emt 0:01:17]} Bf6 {[%emt 0:00:05]} 24. Bh6 {[%emt 0:00:04]} Bg7 {[%emt 0:01:59]} 25. Bxg7 {[%emt 0:10:07]} Kxg7 {[%emt 0:00:14]} 26. exf5 {[%emt 0:00:22]} gxf5 {[%emt 0:01:14]} 27. Qd2 {[%emt 0:03:24]} Ne6 {[%emt 0:07:37]} 28. b4 {[%emt 0:25:40]} Kh8 {[%emt 0:07:21]} 29. Nxd6 {[%emt 0:00:35]} Ned4 {[%emt 0:04:12]} 30. Nxe5 {[%emt 0:09:16]} Qxe5 {[%emt 0:02:52]} 31. c5 {[%emt 0:00:32]} Ne2+ {[%emt 0:01:17]} 32. Kh1 {[%emt 0:00:26]} Nxc1 {[%emt 0:00:30]} 33. Qxc1 {[%emt 0:00:37]} Ba8 {[%emt 0:03:32]} 34. Rd3 {[%emt 0:00:31]} bxc5 {[%emt 0:02:37]} 35. bxc5 {[%emt 0:00:03]} Qf6 {[%emt 0:01:04]} 36. Qd1 {[%emt 0:00:19]} Ne5 {[%emt 0:02:39]} 37. Rg3 {[%emt 0:01:02]} Nf7 {[%emt 0:01:43]} 38. Nxf7+ {[%emt 0:00:36]} Rxf7 {[%emt 0:00:15]} 39. Qh5 {[%emt 0:00:30]} Rg8 {[%emt 0:00:41]} 40. Bd3 {[%emt 0:00:29]} Rxg3 {[%emt 0:00:38]} 41. fxg3 {[%emt 0:00:03]} Bc6 {[%emt 0:00:32]} 42. Bc4 {[%emt 0:00:52]} Rf8 {[%emt 0:00:35]} 43. Qe2 {[%emt 0:00:37]} Re8 {[%emt 0:00:21]} 44. Qd2 {[%emt 0:00:11]} Qe5 {[%emt 0:00:21]} 45. Kh2 {[%emt 0:00:12]} Qxc5 {[%emt 0:00:25]} 46. Bf7 {[%emt 0:00:37]} Re7 {[%emt 0:08:31]} 47. Qd8+ {[%emt 0:00:28]} Kg7 {[%emt 0:00:04]} 48. Bb3 {[%emt 0:00:29]} Qe5 {[%emt 0:03:44]} 49. Qg8+ {[%emt 0:00:31]} Kh6 {[%emt 0:00:09]} 50. Qc4 {[%emt 0:00:34]} Qe4 {[%emt 0:00:29]} 51. Qc1+ {[%emt 0:00:25]} f4 {[%emt 0:00:13]} 52. Qd2 {[%emt 0:00:17]} Rd7 {[%emt 0:00:54]} 53. Qf2 {[%emt 0:00:45]} Qe3 {[%emt 0:00:15]} 54. Qb2 {[%emt 0:00:46]} fxg3+ {[%emt 0:00:11]} 0-1

[Event "POR-chT 1st League 2017"]
[Site "Leiria"]
[Date "2017.07.19"]
[Round "4"]
[White "Ulyanovskyy, Viktor"]
[Black "Maisuradze, Nino"]
[Result "0-1"]
[WhiteElo "2219"]
[BlackElo "2266"]
[Annotator "NA"]
[PlyCount "82"]
[EventDate "2017.??.??"]
[EventType "team-tourn"]
[EventCountry "POR"]
[SourceTitle "playchess.com"]
[Source "ChessBase"]
[SourceQuality "1"]
[TimeControl "5400+30"]

1. e4 {[%emt 0:00:00]} c5 {[%emt 0:02:14]} 2. Nf3 {[%emt 0:00:00]} d6 {[%emt 0:01:10]} 3. Bb5+ {[%emt 0:00:00]} Nd7 {[%emt 0:01:40]} 4. O-O {[%emt 0:00:00]} a6 {[%emt 0:00:02]} 5. Bxd7+ {[%emt 0:03:42]} Bxd7 {[%emt 0:00:17]} 6. b3 {[%emt 0:02:10]} Nf6 {[%emt 0:01:05]} 7. Re1 {[%emt 0:00:24]} g6 {[%emt 0:01:47]} 8. Bb2 {[%emt 0:01:55]} Bg7 {[%emt 0:00:10]} 9. c4 {[%emt 0:00:47]} e5 {[%emt 0:04:27]} 10. Nc3 {[%emt 0:02:22]} b5 {[%emt 0:00:54]} 11. d3 {[%emt 0:02:25]} O-O {[%emt 0:00:46]} 12. Nd2 {[%emt 0:03:26]} b4 {[%emt 0:01:06]} 13. Nd5 {[%emt 0:00:31]} a5 {[%emt 0:03:26]} 14. a3 {[%emt 0:02:01]} h5 {[%emt 0:23:19]} 15. Qe2 {[%emt 0:04:00]} h4 {[%emt 0:12:54]} 16. axb4 {[%emt 0:10:37]} axb4 {[%emt 0:04:36]} 17. Rxa8 {[%emt 0:01:51]} Qxa8 {[%emt 0:00:03]} 18. Ra1 {[%emt 0:00:07]} Qb7 {[%emt 0:00:28]} 19. Qe1 {[%emt 0:10:33]} Ra8 {[%emt 0:04:36]} 20. f4 {[%emt 0:08:13]} Nxd5 {[%emt 0:01:43]} 21. cxd5 {[%emt 0:00:42]} Bb5 {[%emt 0:05:22]} 22. Nc4 {[%emt 0:01:30]} Bxc4 {[%emt 0:00:25]} 23. dxc4 {[%emt 0:00:09]} exf4 {[%emt 0:01:25]} 24. Bxg7 {[%emt 0:01:47]} Kxg7 {[%emt 0:00:01]} 25. Rxa8 {[%emt 0:00:53]} Qxa8 {[%emt 0:00:02]} 26. e5 {[%emt 0:00:59]} Qe8 {[%emt 0:00:41]} 27. e6 {[%emt 0:00:08]} fxe6 {[%emt 0:02:35]} 28. dxe6 {[%emt 0:00:14]} g5 {[%emt 0:00:26]} 29. g3 {[%emt 0:05:23]} hxg3 {[%emt 0:01:12]} 30. hxg3 {[%emt 0:00:01]} fxg3 {[%emt 0:00:52]} 31. Qe4 {[%emt 0:04:16]} Qf8 {[%emt 0:10:42]} 32. Qb7+ {[%emt 0:01:21]} Kh8 {[%emt 0:02:53]} 33. Kg2 {[%emt 0:01:12]} Qf2+ {[%emt 0:00:04]} 34. Kh3 {[%emt 0:00:09]} Qh2+ {[%emt 0:00:56]} 35. Kg4 {[%emt 0:00:16]} g2 {[%emt 0:00:27]} 36. Kf5 {[%emt 0:05:05]} g1=Q {[%emt 0:04:44]} 37. Qa8+ {[%emt 0:02:05]} Kg7 {[%emt 0:00:22]} 38. Qb7+ {[%emt 0:00:18]} Kh6 {[%emt 0:00:07]} 39. Kf6 {[%emt 0:00:54]} Qd4+ {[%emt 0:01:14]} 40. Kf7 {[%emt 0:00:22]} Qg7+ {[%emt 0:01:58]} 41. Ke8 {[%emt 0:00:06]} Qxb7 {[%emt 0:00:12]} 0-1

[Event "POR-chT 1st League 2017"]
[Site "Leiria"]
[Date "2017.07.19"]
[Round "4"]
[White "Carneiro, Carlos"]
[Black "Tubio Agrasar, Pablo"]
[Result "1/2-1/2"]
[WhiteElo "2175"]
[BlackElo "1988"]
[Annotator "NA"]
[PlyCount "108"]
[EventDate "2017.??.??"]
[EventType "team-tourn"]
[EventCountry "POR"]
[SourceTitle "playchess.com"]
[Source "ChessBase"]
[SourceQuality "1"]
[TimeControl "5400+30"]

1. d4 {[%emt 0:00:21]} Nf6 {[%emt 0:00:10]} 2. c4 {[%emt 0:00:08]} c5 {[%emt 0:00:41]} 3. d5 {[%emt 0:00:06]} e6 {[%emt 0:00:08]} 4. Nc3 {[%emt 0:00:09]} exd5 {[%emt 0:00:14]} 5. cxd5 {[%emt 0:00:06]} d6 {[%emt 0:00:14]} 6. Nf3 {[%emt 0:01:14]} g6 {[%emt 0:00:11]} 7. g3 {[%emt 0:01:00]} Bg7 {[%emt 0:00:07]} 8. Bg2 {[%emt 0:00:07]} O-O {[%emt 0:00:06]} 9. O-O {[%emt 0:00:06]} a6 {[%emt 0:00:35]} 10. a4 {[%emt 0:00:17]} Re8 {[%emt 0:00:06]} 11. Nd2 {[%emt 0:00:30]} Nbd7 {[%emt 0:00:49]} 12. h3 {[%emt 0:06:48]} Rb8 {[%emt 0:01:25]} 13. Nc4 {[%emt 0:01:14]} Nb6 {[%emt 0:00:22]} 14. Nxb6 {[%emt 0:07:44]} Qxb6 {[%emt 0:00:07]} 15. a5 {[%emt 0:00:22]} Qc7 {[%emt 0:00:17]} 16. e4 {[%emt 0:00:15]} b5 {[%emt 0:03:06]} 17. axb6 {[%emt 0:01:10]} Rxb6 {[%emt 0:00:02]} 18. Qa4 {[%emt 0:07:44]} Rb4 {[%emt 0:06:12]} 19. Qa5 {[%emt 0:00:57]} Qxa5 {[%emt 0:01:53]} 20. Rxa5 {[%emt 0:00:06]} Nd7 {[%emt 0:00:51]} 21. Na4 {[%emt 0:13:51]} Ne5 {[%emt 0:02:58]} 22. Nc3 {[%emt 0:07:56]} Nd3 {[%emt 0:07:43]} 23. Ra2 {[%emt 0:00:12]} Bd4 {[%emt 0:04:23]} 24. g4 {[%emt 0:03:10]} h5 {[%emt 0:14:32]} 25. Bf3 {[%emt 0:00:25]} Ne5 {[%emt 0:00:20]} 26. Kg2 {[%emt 0:00:45]} hxg4 {[%emt 0:10:26]} 27. hxg4 {[%emt 0:01:36]} Nxf3 {[%emt 0:14:05]} 28. Kxf3 {[%emt 0:00:04]} Bxc3 {[%emt 0:01:12]} 29. bxc3 {[%emt 0:00:03]} Rbxe4 {[%emt 0:00:17]} 30. Bf4 {[%emt 0:00:54]} Rc4 {[%emt 0:04:25]} 31. Ra3 {[%emt 0:04:44]} Bxg4+ {[%emt 0:04:02]} 32. Kg3 {[%emt 0:15:20]} g5 {[%emt 0:10:15]} 33. Kxg4 {[%emt 0:09:03]} Re5 {[%emt 0:00:25]} 34. Rd1 {[%emt 0:02:03]} Rxf4+ {[%emt 0:00:33]} 35. Kg3 {[%emt 0:00:05]} Re2 {[%emt 0:06:18]} 36. Rxa6 {[%emt 0:00:42]} Rf6 {[%emt 0:00:12]} 37. Rd3 {[%emt 0:03:24]} Rexf2 {[%emt 0:00:23]} 38. Rxd6 {[%emt 0:03:00]} Rxd6 {[%emt 0:01:28]} 39. Kxf2 {[%emt 0:00:02]} Kg7 {[%emt 0:00:39]} 40. c4 {[%emt 0:00:52]} f5 {[%emt 0:00:16]} 41. Ra3 {[%emt 0:00:11]} Kf6 {[%emt 0:00:35]} 42. Ra5 {[%emt 0:00:15]} Ke5 {[%emt 0:02:28]} 43. Rxc5 {[%emt 0:00:06]} Kf4 {[%emt 0:00:03]} 44. Rc6 {[%emt 0:00:38]} Rd8 {[%emt 0:00:11]} 45. d6 {[%emt 0:00:20]} g4 {[%emt 0:00:32]} 46. Ra6 {[%emt 0:03:22]} g3+ {[%emt 0:01:09]} 47. Kg2 {[%emt 0:00:23]} Rh8 {[%emt 0:00:28]} 48. Ra5 {[%emt 0:01:00]} Rh2+ {[%emt 0:03:58]} 49. Kg1 {[%emt 0:00:09]} Rc2 {[%emt 0:00:05]} 50. d7 {[%emt 0:00:49]} Rc1+ {[%emt 0:00:12]} 51. Kg2 {[%emt 0:00:06]} Rc2+ {[%emt 0:00:09]} 52. Kf1 {[%emt 0:00:09]} Rc1+ {[%emt 0:02:06]} 53. Kg2 {[%emt 0:02:30]} Rc2+ {[%emt 0:00:02]} 54. Kg1 {[%emt 0:00:06]} Rc1+ {[%emt 0:00:02]} 1/2-1/2

[Event "POR-chT 1st League 2017"]
[Site "Leiria"]
[Date "2017.07.19"]
[Round "4"]
[White "Pinheiro, Albano"]
[Black "Lombaers, Peter"]
[Result "0-1"]
[WhiteElo "2071"]
[BlackElo "2327"]
[Annotator "NA"]
[PlyCount "64"]
[EventDate "2017.??.??"]
[EventType "team-tourn"]
[EventCountry "POR"]
[SourceTitle "playchess.com"]
[Source "ChessBase"]
[SourceQuality "1"]
[TimeControl "5400+30"]

1. e4 {[%emt 0:00:28]} c5 {[%emt 0:00:06]} 2. c3 {[%emt 0:00:26]} Nf6 {[%emt 0:00:06]} 3. e5 {[%emt 0:00:11]} Nd5 {[%emt 0:00:06]} 4. Nf3 {[%emt 0:00:07]} e6 $11 {[%emt 0:00:07]} 5. d4 {[%emt 0:00:21]} cxd4 {[%emt 0:00:05]} 6. cxd4 {[%emt 0:00:05]} d6 {[%emt 0:00:04]} 7. Bc4 {[%emt 0:01:29]} Be7 {[%emt 0:00:08]} 8. O-O {[%emt 0:00:09]} O-O {[%emt 0:00:08]} 9. Nc3 {[%emt 0:00:13]} Nxc3 {[%emt 0:00:52]} 10. bxc3 {[%emt 0:00:05]} Qc7 {[%emt 0:01:37]} 11. Qe2 {[%emt 0:00:52]} d5 {[%emt 0:06:51]} 12. Bd3 {[%emt 0:03:04]} Qxc3 {[%emt 0:00:15]} 13. Bd2 {[%emt 0:01:32]} Qa3 {[%emt 0:01:39]} 14. Rfb1 {[%emt 0:05:48]} b6 {[%emt 0:06:45]} 15. Rb3 {[%emt 0:06:55]} Qa4 {[%emt 0:00:11]} 16. Bxh7+ {[%emt 0:19:37]} Kxh7 {[%emt 0:00:15]} 17. Ng5+ {[%emt 0:00:12]} Bxg5 {[%emt 0:00:07]} 18. Qh5+ {[%emt 0:04:08]} Kg8 {[%emt 0:00:05]} 19. Bxg5 {[%emt 0:05:31]} Qxd4 {[%emt 0:17:30]} 20. Re1 {[%emt 0:00:34]} f6 {[%emt 0:00:45]} 21. exf6 {[%emt 0:07:30]} Nd7 {[%emt 0:06:16]} 22. Rh3 {[%emt 0:18:03]} Nxf6 {[%emt 0:02:19]} 23. Bxf6 {[%emt 0:09:46]} Rxf6 {[%emt 0:00:22]} 24. Qe8+ {[%emt 0:05:01]} Rf8 {[%emt 0:00:07]} 25. Rh8+ {[%emt 0:00:10]} Kxh8 {[%emt 0:00:05]} 26. Qxf8+ {[%emt 0:00:03]} Kh7 {[%emt 0:00:05]} 27. Qe8 {[%emt 0:01:47]} Qd2 {[%emt 0:05:48]} 28. Rb1 {[%emt 0:02:28]} Bb7 {[%emt 0:06:13]} 29. Qe7 {[%emt 0:03:50]} Rc8 {[%emt 0:01:09]} 30. h3 {[%emt 0:00:57]} Rc1+ {[%emt 0:00:39]} 31. Rxc1 {[%emt 0:00:01]} Qxc1+ {[%emt 0:00:06]} 32. Kh2 {[%emt 0:00:04]} Qc8 {[%emt 0:00:05]} 0-1

[Event "POR-chT 1st League 2017"]
[Site "Leiria"]
[Date "2017.07.20"]
[Round "5"]
[White "Iturrizaga Bonelli, Eduardo"]
[Black "Martinez Duany, Lelys Stanley"]
[Result "1-0"]
[WhiteElo "2664"]
[BlackElo "2495"]
[Annotator "TA"]
[PlyCount "90"]
[EventDate "2017.??.??"]
[EventType "team-tourn"]
[EventCountry "POR"]
[SourceTitle "playchess.com"]
[Source "ChessBase"]
[SourceQuality "1"]

{[%evp 9,90,7,3,0,3,0,20,13,39,34,48,35,66,65,62,58,70,54,77,61,102,95,102,91,103,100,186,172,187,178,166,175,187,171,201,207,219,182,287,290,277,290,283,283,284,284,338,343,395,370,481,461,564,545,539,504,486,349,479,355,492,412,635,408,435,431,409,0,408,408,427,386,567,361,396,378,370,368,348,323,427,370,344]} 1. c4 c5 2. b3 Nf6 3. Bb2 Nc6 4. g3 (4. Bxf6 gxf6 5. g3 f5 6. Nc3 Bg7 7. Bg2 d6 8. Nh3 h5 9. Nf4 h4 10. e3 Bd7 11. Rc1 Rh6 {0-1 (29) Nielsen,P (2700)-Svidler,P (2734) Copenhagen 2010}) 4... g6 5. Bxf6 exf6 6. Nc3 {A30: Symmetrical English: Double Fianchetto and Hedgehog} Bg7 7. Bg2 O-O 8. e3 {The position is equal.} Nb4 9. d3 f5 $146 10. Nge2 f4 11. a3 ({Don't play} 11. exf4 d5 $17) 11... Nc6 12. gxf4 d6 13. Qd2 Re8 14. Rb1 a5 15. O-O Bg4 16. Rfe1 Qh4 17. Nd5 {aiming for Nc7.} Rad8 {[#]} (17... Red8 $16 18. Nec3 Rab8) 18. b4 $1 $18 axb4 19. axb4 cxb4 20. Nxb4 Ne7 21. Ng3 Rd7 22. Nd5 Bh3 23. Rb5 Nf5 (23... Bxg2 $142 24. Kxg2 Nxd5 25. Rxd5 (25. cxd5 g5 $16) 25... Ra8) 24. Bxh3 Qxh3 25. Nxf5 gxf5 26. Qe2 Re6 {[#] ( -> ...Rg6+)} 27. Kh1 Rh6 {[%csl Gh6][%cal Rh3h2]} 28. f3 Kh8 29. Reb1 Rd8 30. Rxb7 Rg8 31. Ne7 Rf8 32. Rb8 Re6 33. Rxf8+ Bxf8 34. Nd5 Rg6 35. Qf2 Qh5 (35... Rg8 $142 36. Rb7 Bg7) 36. Rg1 Qh3 37. Qb2+ Kg8 38. Qf2 Kh8 $1 39. Rg2 Kg7 40. Kg1 Kh8 (40... Qh6 {is a better defense.} 41. h4 Rxg2+ 42. Kxg2 Qg6+ 43. Kh3 h6 44. Qb2+ Kh7) 41. Rg3 Kg8 42. Qg2 Qh4 43. Kf1 Qd8 44. Qb2 Be7 45. Qb6 Qf8 {Precision: White = 78%, Black = 24%.} 1-0

[Event "POR-chT 1st League 2017"]
[Site "Leiria"]
[Date "2017.07.20"]
[Round "5"]
[White "Cuenca, Jose Fdo"]
[Black "Sprenger, Jan Michael"]
[Result "1/2-1/2"]
[WhiteElo "2498"]
[BlackElo "2514"]
[Annotator "TA"]
[PlyCount "111"]
[EventDate "2017.??.??"]
[EventType "team-tourn"]
[EventCountry "POR"]
[SourceTitle "playchess.com"]
[Source "ChessBase"]
[SourceQuality "1"]

{[%evp 21,111,21,18,22,55,43,47,53,49,47,39,41,77,38,50,41,39,35,65,47,57,31,53,49,62,22,27,26,35,18,25,48,43,33,35,24,24,22,33,18,41,0,26,0,0,-33,-23,-37,-33,-35,-10,-16,0,0,0,0,0,0,0,0,0,0,0,0,0,0,0,0,8,0,0,0,0,0,0,0,0,0,0,0,0,0,0,0,2629,0,0,0,0,0,0,0]} 1. e4 c5 2. Nf3 e6 3. d4 cxd4 4. Nxd4 a6 5. Bd3 Bc5 6. Nb3 Ba7 7. O-O Nc6 8. Qg4 Qf6 {B42: Sicilian: Kan Variation: 5 Bd3} 9. Nc3 (9. Qg3 h5 10. Be3 h4 11. Qh3 Bxe3 12. Qxe3 g5 13. N1d2 Nge7 14. Nc4 Ng6 15. Nbd2 b5 16. Nd6+ {0-1 (25) Leko,P (2693)-Andreikin,D (2737) Tallinn 2016}) 9... Nge7 10. Bg5 Qg6 11. Qh4 f6 {LiveBook: 3 Games} 12. Bf4 Ne5 13. Be2 Qf7 {[#] ...g5 is the strong threat.} 14. Qg3 O-O 15. Be3 Bb8 $146 ({Predecessor:} 15... Bxe3 16. Qxe3 {1-0 (45) Glinz,A (2203)-Esteban,F (2365) ICCF email 2006}) 16. f4 N5c6 17. Qf3 b5 18. Rad1 d6 19. a3 Bb7 20. Qh3 f5 21. Bh5 g6 $1 {[%cal Rg6h5]} 22. Bf3 b4 23. Na4 bxa3 24. bxa3 Bc7 25. c4 (25. e5 $5 {[%cal Re5d6]} Nd5 26. Bxd5 exd5 27. exd6 Bxd6 28. Bc5 $14) 25... Na5 26. Nxa5 Bxa5 27. e5 d5 28. Nb6 Bxb6 29. Bxb6 Rfc8 30. c5 Bc6 31. Be2 Qe8 (31... Bb5 $5 {[%cal Rb5e2]} 32. Rf2 Bxe2 33. Rxe2 Nc6 $11) 32. Rb1 Bb5 33. Bxb5 axb5 34. Qd3 Ra4 35. Rf3 Nc6 36. Qxb5 Nd4 37. Qxe8+ Rxe8 38. Re3 Rea8 39. Bc7 Rxa3 40. Rxa3 Rxa3 $11 {[%mdl 4096] Endgame KRB-KRN} 41. Rb4 Ra1+ 42. Kf2 Ra2+ 43. Kg3 Ra3+ 44. Kh4 Rd3 45. Bd6 h6 46. Rb8+ Kf7 47. Rb7+ Kg8 $1 48. Rb8+ Kf7 49. Rf8+ Kg7 50. Rc8 Rd2 51. c6 {[#] Hoping for c7.} Rxg2 52. c7 {Black must now prevent Rg8+!} Rg4+ ({But not} 52... Rxh2+ $2 53. Kg3 $18) (52... Ne2 $5 53. Rg8+ $8 Kf7 54. Rf8+ Kg7 55. Rg8+ Kf7 56. Rf8+ Kg7 57. Rg8+ $11) 53. Kh3 Ne2 $1 {[%cal Re2f4] The position is equal.} 54. Rg8+ $1 Kh7 {[%cal Re2f4]} (54... Kf7 $5 55. Rf8+ $8 Kg7 56. Rg8+ Kxg8 57. c8=Q+ Kh7 58. Qd7+ Kh8 59. Qe8+ Kh7 60. Qf7+ Kh8 61. Qf8+ Kh7 62. Qe7+ Kh8 63. Qf8+ Kh7 64. Qf7+ Kh8 65. Qe8+ Kh7 66. Qe7+ Kh8 67. Qf8+ $11) 55. Rh8+ $1 Kg7 {[%cal Re2f4]} (55... Kxh8 $5 56. c8=Q+ $8 Kh7 57. Qc7+ Kh8 58. Qc8+ Kh7 59. Qd7+ Kh8 60. Qd8+ Kh7 61. Qe7+ Kh8 62. Qe8+ Kh7 63. Qf7+ Kh8 64. Qf8+ Kh7 65. Qe7+ Kh8 66. Qe8+ Kh7 67. Qf7+ Kh8 68. Qf8+ Kh7 69. Qe7+ $11) 56. Rg8+ $1 {Precision: White = 51%, Black = 71%.} 1/2-1/2

[Event "POR-chT 1st League 2017"]
[Site "Leiria"]
[Date "2017.07.20"]
[Round "5"]
[White "Larino Nieto, David"]
[Black "Fier, Alexandr"]
[Result "1/2-1/2"]
[WhiteElo "2495"]
[BlackElo "2589"]
[Annotator "TA"]
[PlyCount "37"]
[EventDate "2017.??.??"]
[EventType "team-tourn"]
[EventCountry "POR"]
[SourceTitle "playchess.com"]
[Source "ChessBase"]
[SourceQuality "1"]

{[%evp 9,37,16,11,13,19,9,36,32,47,27,27,27,21,14,70,77,72,68,101,105,99,100,107,93,100,0,106,0,107,0]} 1. e3 e5 2. d4 exd4 3. exd4 d5 4. Bd3 c5 5. Nf3 c4 6. Be2 {C01: French: Exchange Variation} Nf6 (6... Nc6 7. O-O Bd6 8. b3 cxb3 9. axb3 Nge7 10. c4 h6 11. Nc3 O-O 12. h3 Bf5 13. Bd3 Qd7 14. Bxf5 Qxf5 15. Be3 Bb4 16. Na2 a5 {½-½ (16) Priyadharshan,K (2527)-Nyzhnyk,I (2616) Kenner 2016}) 7. O-O h6 8. b3 {White is slightly better.} cxb3 9. axb3 (9. Bb5+ {is more complex.} Nc6 10. Re1+ Be7 11. axb3 O-O 12. Bxc6 bxc6 13. Rxe7 Qxe7 14. Ba3) 9... Bd6 $146 ({Predecessor:} 9... Nc6 10. c4 Bd6 11. Ba3 O-O 12. Bxd6 Qxd6 13. Nc3 Bg4 {½-½ (33) Haas,S (2225)-Mehne,C (2205) Germany 2014}) 10. Nc3 Nc6 11. Nb5 Be7 ({Better is} 11... Bb8 $1 $11) 12. Bf4 $14 {[%cal Bc1f4,Bf4c7,Bc7e5][%mdl 32]} O-O 13. Bc7 $36 {[%mdl 2048] White has good play.} Qd7 14. Ne5 Nxe5 15. Bxe5 {Black must now prevent Nc7.} ({Much weaker is} 15. dxe5 Ne4 $11) 15... a6 16. Nc7 Ra7 17. Nb5 Ra8 18. Nc7 Ra7 19. Nb5 {Precision: White = 64%, Black = 46%.} (19. Bd3 $16) 1/2-1/2